Harry Potter: What's Missing? Quiz Stats

 Plays Quiz Updated Oct 9, 2017

Challenge
Share
Tweet
Score 0/16 Timer 04:00
6 Plays Today
% Correct
Kreacher
91.8%
Norwegian Ridgeback
89.7%
Elder Wand
89.4%
Viktor Krum
88.9%
Harry Potter
87.9%
Padfoot
87.2%
Hufflepuff's Cup
85.4%
Kingsley Shacklebolt
85.3%
% Correct
Arabella Figg
84.7%
Ariana
83.5%
Quirinus Quirrell
81.8%
Fluffy
78.6%
Divination
77%
Newt Scamander
67%
Charms
66.3%
Minerva McGonagall
65.9%

You're not logged in!

Compare scores with friends on all Sporcle quizzes.
OR
Log In

You Might Also Like...

Show Comments

Extras

Top Quizzes Today


Score Distribution

Your Account Isn't Verified!

In order to create a playlist on Sporcle, you need to verify the email address you used during registration. Go to your Sporcle Settings to finish the process.

Report this User

Report this user for behavior that violates our Community Guidelines.

Details: